Statistiques concernant Quiz sur l'Ain

Cliquez ici pour prendre le quiz!

Statistiques générales

  • Ce quiz a été pris 2 702 fois
  • Le résultat moyen est 9 sur 14

Statistiques - réponses

QuestionRéponse% Correct
Numéro du département01
99%
Région à laquelle il appartientAuvergne-Rhône-Alpes
91%
Fleuve dans lequel l'Ain se jette, à Saint-Maurice-de-GourdansRhône
88%
Préfecture et plus grande villeBourg-en-Bresse
87%
Animal dont la race « bresse-gauloise », originaire de l'Ain, est la plus consomméePoule (Volaille)
79%
21 communes de l'Ain font partie de l'unité urbaine de cette grande ville française
même si elles ne sont pas (encore?) rattachées à sa métropole administrativement
Lyon
76%
Chaîne de montagnes qui recouvre la région du BugeyJura
68%
Deuxième plus grande ville du département, connue des fans de rugbyOyonnax
63%
Agglomération étrangère à laquelle celle-ci appartientGrand Genève
62%
Écrivain et philosophe français qui séjournait dans la ville frontalière
de Ferney, à laquelle on accole désormais toujours son nom
Voltaire
48%
Sous-préfecture en 3 lettres, située dans la bande de terre au nord-est de l'AinGex
45%
Chanteur du groupe Téléphone qui est né dans cette villeJean-Louis Aubert
45%
Sous-préfecture qui est la capitale historique de cette régionB{elley}
33%
Sous-préfecture à laquelle se rapporte le surnom « catholard »Nantua
33%

Distribution des résultats

Percentile par nombre de réponses

% des personnes avec chaque résultat

Votre développement - résultats

Vous n’avez pas pris ce quiz